000
00358cam a2200169ua 4500
020
_c
1.50
041
_a
mal
_h
082
_a
923.1
_b
KES/MA
100
_a
Kesavan Nair, K .
245
_a
Mahanaya Akbar
260
_a
Calicut :
_b
P.K Brothers ,
_c
1957.
300
_a
179 ; .
365
_a
1.50
504
_a
942
_c
BK
999
_c
4366
_d
4366